| 000 | 00587nam a2200205 a 4500 | ||
|---|---|---|---|
| 005 | 20230110063528.0 | ||
| 008 | 991125s1975 fr 000 0 fre u | ||
| 020 | _a2203129050 | ||
| 035 | _aUPN01000045751 | ||
| 049 | _aI | ||
| 050 | 4 |
_aQ163 _bG7.6 |
|
| 100 | 1 |
_aGree, Alain, _d1936- _928887 |
|
| 245 | 1 | 0 |
_aPourquoi? : _b38 questiones de petit Tom / _cAlain Gree. |
| 260 |
_aBelgique : _bCasterman, _c1975. |
||
| 300 |
_a92 p. : _bil. col. |
||
| 440 | 0 | _aCadet-rama | |
| 650 | 2 |
_aCiencia _vLiteratura juvenil _96801 |
|
| 650 | 0 |
_aCuentos infantiles franceses _98588 |
|
| 905 | _aInfantil | ||
| 999 |
_c45751 _d45751 |
||